Análisis de la variedad fenotípica de una población de Odocoileus virginianus (Zimermann, 1780) ante las condiciones ambientales del parque nacional natural El Tuparro...... (Registro nro. 2486)

Detalles MARC
000 -CABECERA
Campo de control 00800nam a2200205 a 4500
005 - FECHA Y HORA DE LA ULTIMA TRANSACCION
Campo de control 20191224041637.0
008 - ELEMENTOS DE LONGITUD FIJA—INFORMACION GENERAL
Campo de control 160826b2001 ck |||||rm||| 00| 0 spa d
040 ## - FUENTE DE CATALOGACIÓN
Agencia catalogadora original CO-BoIAVH
Agencia transcriptora CO-BoIAVH
041 ## - IDIOMA
Código de idioma para texto/pista de sonido o título separado Español
082 ## - NUMERO DE CLASIFICACION DECIMAL DEWEY
Número de clasificación TE
Número del ítem 0136
100 1# - ASIENTO PRINCIPAL--NOMBRE PERSONAL
Nombre personal González Hernández, Andrés
9 (RLIN) 46058
245 14 - MENCION DE TITULO
Título Análisis de la variedad fenotípica de una población de Odocoileus virginianus (Zimermann, 1780) ante las condiciones ambientales del parque nacional natural El Tuparro......
260 ## - PUBLICACION, DISTRIBUCION, ETC. (PIE DE IMPRENTA)
Lugar de publicación, distribución, etc. Bogotá
Nombre del editor, distribuidor, etc. Universidad Nacional de Colombia. Faculdad de Ciencias
Fecha de publicación, distribución, etc. 2001
300 ## - DESCRIPCION FISICA
Extensión 136 Paginas
650 14 - ASIENTO SECUNDARIO DE MATERIA - TERMINO TEMATICO
Término temático o nombre geográfico como elemento de entrada Fenotipos
9 (RLIN) 75010
650 14 - ASIENTO SECUNDARIO DE MATERIA - TERMINO TEMATICO
Término temático o nombre geográfico como elemento de entrada Variabilidad fenotípica
9 (RLIN) 75011
650 14 - ASIENTO SECUNDARIO DE MATERIA - TERMINO TEMATICO
Término temático o nombre geográfico como elemento de entrada Ecología de poblaciones
9 (RLIN) 3557
662 ## - ASIENTO SECUNDARIO DE MATERIA - JERARQUIA DEL NOMBRE DE LUGAR(
País o entidad mayor Colombia
Jurisdicción política intermedia Parque Nacional Natural El Tuparro
Jurisdicción política de primer orden Vichada
942 ## - ELEMENTOS ADICIONALES (KOHA)
Tipo de ítem Tesis
Sistema de clasificación Local
Existencias
Withdrawn status Lost status Sistema de Clasificación Damaged status No para préstamo Colección Ubicación Permanente Ubicación actual Fecha de adquisición Total Checkouts Número topográfico Inventario / Código de Barras Date last seen Ejemplar Price effective from Forma de adquisición Tipo de material Public note
    Local     Tesis Bogotá Bogotá 05/10/2001   TE-0136 003082 04/12/2012 Ej. 1 04/12/2012 Donación Tesis Disponible solo para consulta en sala